| 000 | 01274 a2200217 4500 | ||
|---|---|---|---|
| 003 | Nust | ||
| 005 | 20221006192546.0 | ||
| 010 | _a 99050094 | ||
| 020 | _a0130253952 (alk. paper) | ||
| 040 | _cNust | ||
| 082 | 0 | 0 | _a005.43,KOM |
| 100 | 1 |
_aKomarinski, Mark _999389 |
|
| 245 | 1 | 0 |
_aRed Hat Linux administration handbook / _cMark Komarinsk, Cary Collett. |
| 260 |
_aUpper Saddle River, NJ : _bPrentice Hall PTR, _cc2000. |
||
| 300 |
_aix, 405 p. : _bill. ; _c24 cm. |
||
| 505 | _aIntroduction (Page-1), Installation (Page-7), Linux Boot And Shutdown (Page-35), Account Administration (Page-53), RPM (Page-79), Networking With Linux (Page-85), Printing And Print Sharing (Page-133), Samba (Page-141), Email (Page-159), Setting Up FTP Services (Page-177), Applications For Linux (Page-189), Linux Database Software (Page-201), Programming Languages (Page-215), Web Serving (Page-231), X Windows Sys (Page-253), Securing Linux (Page-289), Kernel Administration (Page-307), Sys And Network Monitoring (Page-323), Backing Up Your Data (Page-333), Talking To Your Peripherals (Page-345), Connecting To The Internet (Page-363). | ||
| 650 | 0 | _aOperating systems (Computers) | |
| 700 | 1 |
_aCollett, Cary. _999390 |
|
| 710 | 2 |
_aRed Hat, Inc. _999391 |
|
| 942 |
_2ddc _cBK _k005.43,KOM |
||
| 999 |
_c189211 _d189211 |
||